000 00321nam a2200121Ia 4500
008 240624s9999 xx 000 0 und d
041 _aeng
082 _a972 SCH
100 _aSCHLESINGER STEPHEN
245 _aBITTER FRUIT THE STORY OF THE AMERICAN C
260 _c2005
_aLondon
_bHarvard University Press
365 _c
_b25
999 _c20211
_d20211